Normal view
MARC view
- Ali Mazidi, Muhammad
Entry Personal Name
001 - CONTROL NUMBER
- control field: 113518
003 - CONTROL NUMBER IDENTIFIER
- control field: NUST
005 - DATE AND TIME OF LATEST TRANSACTION
- control field: 20230711103134.0
008 - FIXED-LENGTH DATA ELEMENTS
- fixed length control field: 230711|| aca||aabn | a|a d
040 ## - CATALOGING SOURCE
- Original cataloging agency: NUST
- Transcribing agency: NUST
100 ## - HEADING--PERSONAL NAME
- Personal name: Ali Mazidi, Muhammad
670 ## - SOURCE DATA FOUND
- Source citation: Work cat.: (NUST)178784: Ali Mazidi, Muhammad, The 8051 Microcontroller and Embedded Systems :, 2006
